Welcome to the Holygrace Academy Library

Please use search bar below to get started

EARLY DISCOVERY (Record no. 242)

MARC details
000 -LEADER
fixed length control field 00488nam a22001457a 4500
020 ## - INTERNATIONAL STANDARD BOOK NUMBER
ISBN 9788181312570
082 ## - DEWEY DECIMAL CLASSIFICATION NUMBER
Classification number 823
Item number BRI/P
100 ## - MAIN ENTRY--AUTHOR NAME
Personal name BRITANNICA
245 ## - TITLE STATEMENT
Title EARLY DISCOVERY
Remainder of title PEOPLE AND PLACES
260 ## - PUBLICATION, DISTRIBUTION, ETC. (IMPRINT)
Place of publication UNITED KINGDOM
Name of publisher ENCYCLOPEDIA BRITANNICA
Year of publication 2012
300 ## - PHYSICAL DESCRIPTION
Number of Pages 56
520 ## - SUMMARY, ETC.
Summary, etc DISCOVER NEW THINGS ABOUT PEOPLE AND PLACES, LEARN NEW WORDS, PLAY SEARCH GAME, ANSWER FUN QUESTIONS
650 ## - SUBJECT ADDED ENTRY--TOPICAL TERM
Topical Term DISCOVER INTERESTING THINGS ABOUT PEOPLE AND PLACES
Geographic subdivision UNITED KINGDOM
942 ## - ADDED ENTRY ELEMENTS (KOHA)
Koha item type Books
Holdings
Withdrawn status Lost status Collection code Home library Current library Shelving location Date acquired Source of acquisition Cost, normal purchase price Full call number Accession Number Koha item type
    Non-fiction Main Library Main Library SHELF-12E-EARLY DISCOVERY,MAGIC PLACE 25/04/2013 purchase 200.00 823 BRI/P 07347 Books
    Non-fiction Main Library Main Library SHELF-12E-EARLY DISCOVERY,MAGIC PLACE 04/12/2013 purchase 200.00 823 BRI/P 03488 Books